Normal view MARC view

Entry Personal Name

Number of records used in: 1

001 - CONTROL NUMBER

  • control field: 10575

003 - CONTROL NUMBER IDENTIFIER

  • control field: DLC

005 - DATE AND TIME OF LATEST TRANSACTION

  • control field: 20250531104154.0

008 - FIXED-LENGTH DATA ELEMENTS

  • fixed length control field: 801223n| acannaab| |n aaa |||

010 ## - LIBRARY OF CONGRESS CONTROL NUMBER

  • LC control number: n 80148949

040 ## - CATALOGING SOURCE

  • Original cataloging agency: DLC
  • Transcribing agency: DLC
  • Modifying agency: DLC

100 10 - HEADING--PERSONAL NAME

  • Personal name: Yukl, Gary A.,
  • Dates associated with a name: 1940-

670 ## - SOURCE DATA FOUND

  • Source citation: His Readings in organizational and industrial psychology, 1971.

670 ## - SOURCE DATA FOUND

  • Source citation: His Skills for managers and leaders, c1990:
  • Information found: t.p. (Gary Yukl, State Univ. of New York at Albany)

Powered by Koha